00429nam a22001577a 450000500170000001000150001702000260003203500140005803700090007208200060008110000220008724500310010926000560014027000540019630000210025020240508164903.0 aENG-140174 c499.00a9789385755309 aEN-123706 bDBAD aN aPamuntjak, Laksmi aAmba/cby Laksmi Pamuntjak aNew DelhibSpeaking Tiger Publishing Pvt. Ltdc2016 bNew Delhia4381/4, Ansari Road, Daryaganje110002 a414p.c22cm(pbk)